000 00703nam a22002537a 4500
001 BR6010660
003 BR-BrBNA
005 20230928083337.0
007 ta
008 230509b bl.||||| |||| 00| 0 por d
040 _aBR-BrBNA
_bpor
_cBiblioteca Nacional de Agricultura
041 _a(Por)
072 _aK20
_b/G514
090 _ K20 BR6010660
110 1 _aBanco da Amazonia S.A., Belem, PA (Brasil)
245 1 _aSugestoes para definicao de uma politica florestal na Amazonia [Brasil]
260 3 _aBelem, PA (Brasil):
_c[nd].
300 _a8 p.
650 _aPOLITICA FLORESTAL
650 _aMEIO AMBIENTE
650 _aAMAZONIA
909 _a202309
_bLucia
_c55
_dLucia Elande
942 _cBK
999 _c12916
_d12916